01617cam a22003857a 4500003000500000005001700005008004100022010001000063011001000073035001000083040000900093090001000102100004800112245013100160260004100291300001900332502007500351590003700426590004100463590004100504590004100545590004200586650004200628650003400670650004000704650003800744901000700782905002600789942000900815949006200824949004900886999001700935952015200952952012701104CHAP20220329142755.0030827d1990 mx r 00110 spa d a87605 a88577 a99122 cCHAP aTesis00aJiménez Aguado, Ubaldo Candelario.96144210aPropuesta para desarrollo de la ganadería bovina en el trópico humedo oaxaqueñoc/por Ubaldo Candelario Jiménez Aguado aChapingo, Méx. :bEl autor,c1990. a56 h. :bilus. aTesis (Ing. Agr. Esp. en Zootecnia) -- UACH. Departamento de Zootecnia aALEPHb10c20130110lUCH01h1455 aBATCH-UPDb10c20130110lUCH01h1312 aBATCH-UPDb10c20130410lUCH01h0825 aBATCH-UPDb10c20130914lUCH01h1525 aCONVERSIONb10c20130109lUCH01h134914aGanado vacunoxAlimentación.94542914aGanado vacunoxOaxaca.94549914aGanado vacunoxProducción.94550614aGanado vacunoxTrópicos.945522 aBK aAlejandra Carrasco M. cFOLL aTesisbBCcTESd33724000898037eTS2fc.2h41304i99122sb aTesisbBCcTESd991221eTS1h41303i99122sb c87605d87605 00102local4053708TESISaBCbBCcPA_TESISd2019-12-31fTESISl1oTesisp33724000898037r2023-03-16 00:00:00s2023-03-16tc.2w2019-12-31yTESIS 00102local4051708TESISaBCbBCcPA_TESISd2019-12-31fTESISl0oTesisp991221r2019-12-31 00:00:00w2019-12-31yTESIS